000 00922nam a22002777a 4500
001 6397
003 FISKH
005 20250428150636.0
008 250428b cb ||||| |||| 00| 0 eng d
020 _a9780545035774
040 _aFISKH
_beng
_cFISKH
_dFISKH
050 _aPZ73 .G842
082 _a468
100 _aGuy, Ginger Foglesong
245 _aSiesta /
_cby Ginger Foglesong Guy ; Picture by Rene King Moreno
260 _aNew York :
_bScholastic,
_c2005.
300 _a32 unnumbered pages :
_bcolor illustrations ;
_c21 x 26 cm
505 _aE
520 _aA brother and sister and their teddy bear go through the house gathering items they will need for their siesta in the back yard.
521 8 _a200
_bLexile
521 8 _aE
_bRaz-Plus
650 _aMulticultural
_vBilingual Spanish
_xConcept
700 _aMoreno, Rene King
_eillustrator
942 _2ddc
_cBK
_n0
999 _c6397
_d6397